<?xml version="1.0" encoding="UTF-8"?>
<record
    xmlns:xsi="http://www.w3.org/2001/XMLSchema-instance"
    xsi:schemaLocation="http://www.loc.gov/MARC21/slim http://www.loc.gov/standards/marcxml/schema/MARC21slim.xsd"
    xmlns="http://www.loc.gov/MARC21/slim">

  <leader>00559nam a2200181Ia 4500</leader>
  <controlfield tag="005">20250909110739.0</controlfield>
  <controlfield tag="008">220524s9999    xx            000 0 und d</controlfield>
  <datafield tag="020" ind1=" " ind2=" ">
    <subfield code="a">9789385059261</subfield>
  </datafield>
  <datafield tag="041" ind1=" " ind2=" ">
    <subfield code="a">eng</subfield>
  </datafield>
  <datafield tag="082" ind1=" " ind2=" ">
    <subfield code="a">746.1</subfield>
  </datafield>
  <datafield tag="100" ind1=" " ind2=" ">
    <subfield code="a">Mahapatra, N. N.</subfield>
    <subfield code="9">212870</subfield>
  </datafield>
  <datafield tag="245" ind1=" " ind2=" ">
    <subfield code="a">Textile Dyeing</subfield>
  </datafield>
  <datafield tag="260" ind1=" " ind2=" ">
    <subfield code="b">Woodhead Pub.-Delhi</subfield>
    <subfield code="c">2018</subfield>
  </datafield>
  <datafield tag="300" ind1=" " ind2=" ">
    <subfield code="a">164</subfield>
  </datafield>
  <datafield tag="520" ind1=" " ind2=" ">
    <subfield code="a">1 Introduction  
2 Fibre Dyeing  
3 Yarn Dyeing  
4 Resist Dyeing  
5 Fabric Dyeing  
6 Denim Dyeing  
7 Continuous Dyeing  
8 Garment Dyeing 
</subfield>
  </datafield>
  <datafield tag="650" ind1=" " ind2=" ">
    <subfield code="a">Dyeing</subfield>
    <subfield code="9">205363</subfield>
  </datafield>
  <datafield tag="942" ind1=" " ind2=" ">
    <subfield code="c">BK</subfield>
  </datafield>
  <datafield tag="999" ind1=" " ind2=" ">
    <subfield code="c">8016</subfield>
    <subfield code="d">8016</subfield>
  </datafield>
  <datafield tag="952" ind1=" " ind2=" ">
    <subfield code="0">0</subfield>
    <subfield code="1">0</subfield>
    <subfield code="2">ddc</subfield>
    <subfield code="4">0</subfield>
    <subfield code="7">0</subfield>
    <subfield code="a">SOFT</subfield>
    <subfield code="b">SOFT</subfield>
    <subfield code="d">2020-01-02</subfield>
    <subfield code="e">Design Book Studio</subfield>
    <subfield code="g">1746.50</subfield>
    <subfield code="l">8</subfield>
    <subfield code="o">746.1 MAH</subfield>
    <subfield code="p">SOFT-BK-3706</subfield>
    <subfield code="r">2024-07-20 00:00:00</subfield>
    <subfield code="s">2024-07-20</subfield>
    <subfield code="v">2495.00</subfield>
    <subfield code="w">2022-07-08</subfield>
    <subfield code="y">BK</subfield>
    <subfield code="z">003706</subfield>
  </datafield>
  <datafield tag="952" ind1=" " ind2=" ">
    <subfield code="0">0</subfield>
    <subfield code="1">0</subfield>
    <subfield code="2">ddc</subfield>
    <subfield code="4">0</subfield>
    <subfield code="7">0</subfield>
    <subfield code="a">SOFT</subfield>
    <subfield code="b">SOFT</subfield>
    <subfield code="d">2025-09-25</subfield>
    <subfield code="e">Design Book Studio</subfield>
    <subfield code="g">1750.00</subfield>
    <subfield code="i">IN-111</subfield>
    <subfield code="o">746.1 MAH</subfield>
    <subfield code="p">SOFT-BK-4568</subfield>
    <subfield code="r">2025-09-03 00:00:00</subfield>
    <subfield code="w">2025-08-19</subfield>
    <subfield code="y">BK</subfield>
  </datafield>
  <datafield tag="952" ind1=" " ind2=" ">
    <subfield code="0">0</subfield>
    <subfield code="1">0</subfield>
    <subfield code="2">ddc</subfield>
    <subfield code="4">0</subfield>
    <subfield code="7">0</subfield>
    <subfield code="a">SOFT</subfield>
    <subfield code="b">SOFT</subfield>
    <subfield code="d">2025-09-16</subfield>
    <subfield code="e">Amazon.in</subfield>
    <subfield code="g">1741.15</subfield>
    <subfield code="i">IN-128</subfield>
    <subfield code="l">0</subfield>
    <subfield code="o">746.1 MAH</subfield>
    <subfield code="p">SOFT-BK-4621</subfield>
    <subfield code="r">2025-09-17 15:06:00</subfield>
    <subfield code="w">2025-09-09</subfield>
    <subfield code="y">BK</subfield>
  </datafield>
</record>
